[Event "36th World Junior Girls"]
[Site "Manavgat TUR"]
[Date "2018.09.14"]
[Round "10.1"]
[White "Dordzhieva, Dinara"]
[Black "Assaubayeva, Bibisara"]
[Result "1/2-1/2"]
[WhiteTitle "WIM"]
[BlackTitle "FM"]
[WhiteElo "2318"]
[BlackElo "2371"]
[WhiteFideId "24157570"]
[BlackFideId "13708694"]
[EventDate "2018.09.05"]

1. d4 Nf6 2. Nf3 g6 3. g3 Bg7 4. Bg2 O-O 5. O-O d6 6. c4 Nc6 7. Nc3 Bg4 8. h3
Bxf3 9. Bxf3 Nd7 10. e3 e5 11. d5 Ncb8 12. Bg2 a5 13. Rb1 Nc5 14. b3 f5 15. a3
e4 16. Bd2 Nbd7 17. Ne2 Ne5 18. Nd4 Re8 19. b4 axb4 20. axb4 Ncd3 21. Qb3 Qd7
22. Ne6 Rxe6 23. dxe6 Qxe6 24. Bc3 Qxc4 25. Qxc4+ Nxc4 26. Bxg7 Kxg7 27. Ra1
Rxa1 28. Rxa1 Nxb4 29. Ra7 Kf6 30. Rxb7 c5 31. Bf1 Nd2 32. Bb5 d5 33. Rxh7 c4
34. Rc7 Nd3 35. Rc6+ Kf7 36. Rc7+ Kf6 37. Rc6+ Kf7 38. Rc7+ Kf6 1/2-1/2

[Event "36th World Junior Girls"]
[Site "Manavgat TUR"]
[Date "2018.09.14"]
[Round "10.2"]
[White "Potapova, Margarita"]
[Black "Tokhirjonova, Gulrukhbegim"]
[Result "0-1"]
[WhiteTitle "WFM"]
[BlackTitle "WGM"]
[WhiteElo "2277"]
[BlackElo "2369"]
[WhiteFideId "14126869"]
[BlackFideId "14203626"]
[EventDate "2018.09.05"]

1. d4 e6 2. c4 b6 3. e4 Bb4+ 4. Bd2 Bxd2+ 5. Qxd2 d5 6. cxd5 exd5 7. e5 Ne7 8.
Nf3 O-O 9. Bd3 c5 10. O-O Nbc6 11. Nc3 Bg4 12. Ng5 g6 13. Qf4 Qc8 14. Nb5 h6 15.
e6 hxg5 16. Qxg4 Qxe6 17. Qxe6 fxe6 18. dxc5 bxc5 19. Nc7 c4 20. Nxa8 Rxa8 21.
Be2 Rb8 22. Bg4 Kf7 23. Rfe1 e5 24. Re2 Kf6 25. Rd2 e4 26. Be2 Ne5 27. Rc1 Nd3
28. Rcc2 Nf5 29. Bf1 Ke5 30. b3 Nd4 31. bxc4 Nxc2 32. Rxc2 Rc8 33. f3 Rxc4 34.
Rd2 Rc1 35. g3 Ne1 36. f4+ gxf4 37. gxf4+ Kxf4 38. Rxd5 Nf3+ 39. Kf2 e3+ 40. Ke2
Re1+ 0-1

[Event "36th World Junior Girls"]
[Site "Manavgat TUR"]
[Date "2018.09.14"]
[Round "10.3"]
[White "Nurgali, Nazerke"]
[Black "Maltsevskaya, Aleksandra"]
[Result "1/2-1/2"]
[WhiteTitle "WFM"]
[WhiteElo "2080"]
[BlackElo "2234"]
[WhiteFideId "13711261"]
[BlackFideId "24174041"]
[EventDate "2018.09.05"]

1. d4 Nf6 2. c4 c5 3. d5 b5 4. cxb5 a6 5. bxa6 e6 6. Nc3 exd5 7. Nxd5 Be7 8. Nf3
O-O 9. e3 Rxa6 10. Nxe7+ Qxe7 11. Be2 Ne4 12. Qb3 Nc6 13. O-O Ra8 14. a3 d6 15.
Bd2 Be6 16. Qc2 Bf5 17. Qc1 Rfc8 18. Bc4 Rab8 19. Bc3 Be6 20. Bxe6 Qxe6 21. Qc2
d5 22. Rfd1 h6 23. Rac1 Rb7 24. Qd3 Rd8 25. h3 Rb3 26. Qc2 Rb7 27. Qd3 Rb3 28.
Qc2 Rb7 29. Qd3 1/2-1/2

[Event "36th World Junior Girls"]
[Site "Manavgat TUR"]
[Date "2018.09.14"]
[Round "10.4"]
[White "Varshini, V"]
[Black "Khomeriki, Nino"]
[Result "1/2-1/2"]
[WhiteTitle "WIM"]
[BlackTitle "WIM"]
[WhiteElo "2173"]
[BlackElo "2313"]
[WhiteFideId "5091241"]
[BlackFideId "13603191"]
[EventDate "2018.09.05"]

1. e4 e5 2. Nf3 Nc6 3. Nc3 Nf6 4. Be2 d5 5. exd5 Nxd5 6. O-O Nxc3 7. bxc3 e4 8.
Ne1 f5 9. d4 Bd6 10. f3 O-O 11. Rb1 Be6 12. Rxb7 Na5 13. Rb1 c6 14. c4 Nxc4 15.
fxe4 fxe4 16. Rxf8+ Qxf8 17. g3 Nb6 18. Ng2 Bxa2 19. Ra1 Qf7 20. Ne3 Be7 21. Ng4
Rf8 22. Be3 Nd5 23. Qf1 Nxe3 24. Nxe3 Bg5 25. Qxf7+ Bxf7 26. Nc4 Bd5 27. h4 Bf6
28. c3 Rb8 29. Rxa7 Kf8 30. Ne3 Rb3 31. Nxd5 cxd5 32. Rd7 Rxc3 33. Rxd5 Rxg3+
34. Kf2 Ra3 35. h5 Ke7 36. Bg4 Bh4+ 37. Ke2 Bg3 38. Bf5 Bf4 39. Bxe4 Ke6 40. Rd8
Bg5 41. Re8+ Kd7 42. Re5 h6 43. Bg6 Kd6 44. Rf5 Bf6 45. d5 Be5 46. Bf7 Rh3 47.
Rf3 1/2-1/2

[Event "36th World Junior Girls"]
[Site "Manavgat TUR"]
[Date "2018.09.14"]
[Round "10.5"]
[White "Tsolakidou, Stavroula"]
[Black "Unuk, Laura"]
[Result "1-0"]
[WhiteTitle "IM"]
[BlackTitle "WIM"]
[WhiteElo "2393"]
[BlackElo "2299"]
[WhiteFideId "4264312"]
[BlackFideId "14609215"]
[EventDate "2018.09.05"]

1. e4 e5 2. Nf3 Nc6 3. Bb5 a6 4. Ba4 Nf6 5. d3 b5 6. Bb3 Be7 7. O-O Bb7 8. c3
O-O 9. Re1 d5 10. Nbd2 dxe4 11. dxe4 h6 12. Qe2 Re8 13. a4 Bc5 14. Bc2 b4 15. a5
Qe7 16. Ba4 Ng4 17. Rf1 Reb8 18. Nc4 Nd8 19. h3 Nf6 20. Bc2 b3 21. Bxb3 Bxe4 22.
Ba2 Nc6 23. Be3 Bxf3 24. Qxf3 e4 25. Qg3 Bxe3 26. Nxe3 Rb5 27. b4 Rg5 28. Qh2
Ne5 29. Kh1 Rd8 30. Rad1 c6 31. Rxd8+ Qxd8 32. Rd1 Qe7 33. Bb1 g6 34. Qf4 Nd3
35. Bxd3 exd3 36. Rxd3 c5 37. b5 c4 38. Rd6 Ne4 39. Rxa6 Rxb5 40. Ra8+ Kg7 41.
a6 Rb1+ 42. Kh2 Nxf2 43. Qd4+ Qf6 44. a7 Qxd4 45. Rg8+ 1-0

[Event "36th World Junior Girls"]
[Site "Manavgat TUR"]
[Date "2018.09.14"]
[Round "10.6"]
[White "Diakonova, Ekaterina"]
[Black "Nomin-Erdene, Davaademberel"]
[Result "0-1"]
[BlackTitle "IM"]
[WhiteElo "2243"]
[BlackElo "2377"]
[WhiteFideId "24172936"]
[BlackFideId "4900782"]
[EventDate "2018.09.05"]

1. e4 e6 2. d4 d5 3. Nc3 Nf6 4. e5 Nfd7 5. f4 c5 6. Nf3 Nc6 7. Be3 Be7 8. Qd2 b6
9. Bb5 Bb7 10. O-O a6 11. Bxc6 Bxc6 12. Qf2 O-O 13. Qg3 f5 14. Ng5 Bxg5 15. fxg5
Qe8 16. Rf3 Rc8 17. Qh4 f4 18. Bf2 cxd4 19. Bxd4 Qg6 20. Rxf4 Qxc2 21. Raf1 Rxf4
22. Rxf4 Bb5 23. Nxb5 axb5 24. Qg4 Qg6 25. h4 Rf8 26. Rxf8+ Kxf8 27. Qf3+ Ke8
28. Kh2 Qf7 29. Qg4 g6 30. Kg3 Nc5 31. Kh2 Qf5 32. Qxf5 exf5 33. b4 Nd3 34. a3
Kd7 35. Kg3 Ke6 36. Kf3 Nxe5+ 37. Ke2 Nc4 38. Kf3 Nxa3 39. Bxb6 Nc2 40. Bc5 d4
41. Ke2 Kd5 42. Kd2 Ne3 43. g3 Kc4 44. Bd6 Nd5 0-1

[Event "36th World Junior Girls"]
[Site "Manavgat TUR"]
[Date "2018.09.14"]
[Round "10.10"]
[White "Serikbay, Assel"]
[Black "Antova, Gabriela"]
[Result "0-1"]
[WhiteTitle "WFM"]
[BlackTitle "FM"]
[WhiteElo "2125"]
[BlackElo "2292"]
[WhiteFideId "13706799"]
[BlackFideId "2915235"]
[EventDate "2018.09.05"]

1. d4 d5 2. Nf3 Nf6 3. c4 c6 4. g3 dxc4 5. Bg2 g6 6. O-O Bg7 7. a4 Ne4 8. Qc2
Nd6 9. e4 Na6 10. e5 Nf5 11. Qxc4 Be6 12. Qc3 O-O 13. g4 Nh6 14. h3 f6 15. exf6
exf6 16. Bf4 Nf7 17. Qd2 Nc7 18. Nc3 Nd5 19. Nxd5 Bxd5 20. Rfe1 Qd7 21. Re3 Rad8
22. Rd1 Rfe8 23. Rde1 Rxe3 24. fxe3 Be4 25. Nh2 Bxg2 26. Qxg2 f5 27. Nf3 c5 28.
dxc5 fxg4 29. hxg4 Qxa4 30. e4 Qb4 31. Qf2 Bxb2 32. Bd2 Rxd2 33. Qxd2 Bc3 34.
Qe3 Bxe1 35. Nxe1 Ne5 36. Kg2 Nxg4 37. Qf4 Qxe1 38. Qxg4 Qd2+ 39. Kf1 Qc1+ 40.
Ke2 Qc4+ 41. Ke1 Qxc5 42. Qe6+ Kg7 43. e5 Qe3+ 44. Kd1 Qf3+ 45. Ke1 Qe4+ 46. Kd2
Qd4+ 47. Ke2 Qd8 0-1

[Event "36th World Junior Girls"]
[Site "Manavgat TUR"]
[Date "2018.09.14"]
[Round "10.11"]
[White "Ozbay, Ece"]
[Black "Chitlange, Sakshi"]
[Result "0-1"]
[WhiteTitle "WFM"]
[BlackTitle "WIM"]
[WhiteElo "2114"]
[BlackElo "2279"]
[WhiteFideId "6351743"]
[BlackFideId "35002899"]
[EventDate "2018.09.05"]

1. e4 d5 2. exd5 Qxd5 3. Nc3 Qd6 4. d4 Nf6 5. Nf3 c6 6. g3 Bf5 7. Bf4 Qd8 8. Bc4
e6 9. Nh4 Bg4 10. f3 Bh5 11. Qd3 Nbd7 12. O-O-O Be7 13. g4 Nd5 14. Bxd5 cxd5 15.
Nf5 Bg6 16. Nxg7+ Kf8 17. Nf5 h5 18. Qe3 exf5 19. Nxd5 Bh4 20. gxf5 Bxf5 21.
Rhg1 Bg6 22. Nc7 Qc8 23. Rxg6 fxg6 24. Rg1 Bf6 25. Rxg6 Kf7 26. Rg1 Nf8 27. Nb5
Be7 28. Bd6 Qe6 29. Qxe6+ Nxe6 30. Bxe7 Kxe7 31. d5 a6 32. Re1 axb5 33. Rxe6+
Kd7 34. Rb6 Kc7 35. Rxb5 Rxa2 36. c4 Ra1+ 37. Kc2 Rh1 38. Rb3 Rxh2+ 39. Kd3 h4
40. Ke3 Rg2 0-1

[Event "36th World Junior Girls"]
[Site "Manavgat TUR"]
[Date "2018.09.14"]
[Round "10.12"]
[White "Sieber, Fiona"]
[Black "Bai, Xue"]
[Result "0-1"]
[WhiteTitle "WIM"]
[WhiteElo "2277"]
[BlackElo "2073"]
[WhiteFideId "12902373"]
[BlackFideId "8608717"]
[EventDate "2018.09.05"]

1. e4 e5 2. Nf3 Nc6 3. Bb5 a6 4. Ba4 Nf6 5. O-O Be7 6. Re1 b5 7. Bb3 d6 8. c3
O-O 9. h3 Bb7 10. d4 Re8 11. Nbd2 exd4 12. cxd4 Nd7 13. Nf1 Na5 14. Bc2 Bf6 15.
Rb1 c5 16. d5 Nc4 17. N3h2 Bd4 18. b3 Ncb6 19. Ne3 g6 20. Neg4 Ne5 21. Nh6+ Kg7
22. Kh1 f5 23. f3 Qh4 24. Qd2 Nxd5 25. exd5 Ng4 26. Rf1 Nxh6 27. Bb2 Bxb2 28.
Rxb2 Re5 29. Qa5 Qd8 30. Qc3 Qf6 31. Rbb1 Rxd5 32. Qxf6+ Kxf6 33. Be4 fxe4 34.
fxe4+ Rf5 35. exf5 gxf5 36. Rf2 Be4 37. Rc1 Rc8 38. Nf3 d5 39. Kg1 Nf7 40. Kf1
Ne5 41. Rd1 c4 42. bxc4 bxc4 43. Nd4 Nd3 44. Re2 Ke5 45. Nf3+ Kf4 46. Nd4 Ke5
47. Nf3+ Kd6 48. Nd4 Rg8 49. Red2 Nf4 50. g4 fxg4 51. hxg4 Rxg4 52. Rh2 Kc5 53.
Ne2 Nxe2 54. Kxe2 c3 55. Ke3 Bg6 56. Rc1 Re4+ 57. Kf3 Rc4 58. Rf2 d4 59. Rg2 d3
60. Rg5+ Kc6 61. Ke3 d2 62. Rf1 Re4+ 63. Kd3 Re1+ 64. Rxg6+ hxg6 65. Kd4 0-1

[Event "36th World Junior Girls"]
[Site "Manavgat TUR"]
[Date "2018.09.14"]
[Round "10.13"]
[White "Isha, Sharma"]
[Black "Sliwicka, Alicja"]
[Result "0-1"]
[WhiteTitle "WCM"]
[BlackTitle "WFM"]
[WhiteElo "2012"]
[BlackElo "2272"]
[WhiteFideId "35006665"]
[BlackFideId "1150677"]
[EventDate "2018.09.05"]

1. e4 e6 2. d3 c5 3. g3 Nc6 4. Bg2 g6 5. Nf3 Bg7 6. O-O Nge7 7. Nc3 O-O 8. Be3
d6 9. Qd2 e5 10. h4 Nd4 11. Nh2 f5 12. Bg5 Ne6 13. Bh6 Bxh6 14. Qxh6 f4 15. h5
Ng7 16. g4 Kh8 17. hxg6 Nxg6 18. Nf3 Ne6 19. Nd5 Bd7 20. Kh2 Rf7 21. Rh1 Qf8 22.
Qh5 Qg7 23. Kg1 Ne7 24. Nxe7 Rxe7 25. Nh4 Be8 26. Nf5 Bxh5 27. Nxg7 Bxg4 28. Nf5
Bxf5 29. exf5 Nd4 30. f6 Rf7 31. c3 f3 32. cxd4 fxg2 33. Kxg2 cxd4 34. Rh6 Rg8+
35. Kf1 Rg6 36. Rc1 Rfxf6 37. Rxg6 Rxg6 38. Rc8+ Kg7 39. Rc7+ Kf6 40. Rxh7 Rg7
41. Rh6+ Ke7 42. Ke2 Rf7 43. a3 Kd7 44. Rg6 Kc6 45. Rh6 b5 46. Ke1 a5 47. Ke2
Rb7 48. Kd2 Rf7 49. Ke2 Kc5 50. f3 Rg7 51. Kf2 Kd5 52. Rh2 Rc7 53. Ke1 Rc1+ 54.
Kd2 Rf1 55. Rh3 Rf2+ 56. Kc1 Kc5 57. Rg3 b4 58. axb4+ Kxb4 59. Rg6 Rxf3 60. Rxd6
Rxd3 61. Rd5 Re3 62. Kd1 a4 63. Kd2 Kb3 64. Rb5+ Ka2 65. Kc2 Re2+ 66. Kd3 Rxb2
67. Rxe5 Rb4 68. Kc2 a3 69. Re8 Rb3 70. Rd8 d3+ 71. Kc1 Rc3+ 72. Kd2 Kb2 73. Ra8
Rb3 74. Ra5 a2 75. Rg5 a1=Q 76. Rg1 Qa5+ 0-1

[Event "36th World Junior Girls"]
[Site "Manavgat TUR"]
[Date "2018.09.14"]
[Round "10.14"]
[White "Lingur, Zalina"]
[Black "Caglar, Sila"]
[Result "0-1"]
[WhiteTitle "WFM"]
[BlackTitle "WFM"]
[WhiteElo "2061"]
[BlackElo "2208"]
[WhiteFideId "34165670"]
[BlackFideId "6364063"]
[EventDate "2018.09.05"]

1. e4 g6 2. d4 Bg7 3. Nc3 d6 4. f4 a6 5. Nf3 b5 6. Bd3 c5 7. dxc5 dxc5 8. O-O
Nd7 9. e5 Nh6 10. Be4 Rb8 11. e6 fxe6 12. Ng5 Rb6 13. Nxh7 Nf5 14. Qg4 Bd4+ 15.
Kh1 Rxh7 16. Qxg6+ Rf7 17. Bf3 Nf8 18. Qh5 Ng7 19. Qh4 Kd7 20. Ne4 Nf5 21. Qe1
Bb7 22. Ng5 Rg7 23. Bd2 Bxf3 24. Rxf3 Rd6 25. Ne4 Rd5 26. c3 Bf6 27. a4 Qb6 28.
axb5 axb5 29. c4 bxc4 30. Rfa3 Ke8 31. Ra6 Qxb2 32. Rb1 Qd4 33. Bc3 Ng3+ 34.
Qxg3 Qxe4 35. Ra8+ Kf7 36. Rxf8+ Kxf8 0-1

[Event "36th World Junior Girls"]
[Site "Manavgat TUR"]
[Date "2018.09.14"]
[Round "10.15"]
[White "Schneider, Jana"]
[Black "Haussernot, Cecile"]
[Result "1/2-1/2"]
[WhiteTitle "FM"]
[BlackTitle "WIM"]
[WhiteElo "2190"]
[BlackElo "2237"]
[WhiteFideId "12924997"]
[BlackFideId "601632"]
[EventDate "2018.09.05"]

1. e4 c5 2. Nf3 d6 3. d4 cxd4 4. Nxd4 Nf6 5. Nc3 a6 6. Be3 e5 7. Nf3 Be7 8. Bc4
O-O 9. O-O Be6 10. Bb3 b5 11. Qe2 Ng4 12. Bd5 Nxe3 13. Qxe3 Bxd5 14. Nxd5 Nc6
15. Rfd1 Re8 16. a4 b4 17. Qd2 Bf8 18. Nxb4 Nxb4 19. Qxb4 Rb8 20. Qc3 Qb6 21. b3
Rec8 22. Qd3 Qb4 23. Ne1 Rc3 24. Qe2 Be7 25. Rd3 Bd8 26. Rxc3 Qxc3 27. Rd1 Qc6
28. Qd3 Ba5 29. Kf1 Rd8 30. Nf3 Rc8 31. c4 Bb4 32. Nh4 g6 33. Qf3 Rb8 34. Rd3
Ba5 35. Qg4 Rxb3 36. Rd1 Rb2 37. Nf5 Qxc4+ 38. Kg1 h5 39. Nxd6 Qxa4 40. Qc8+ Kh7
41. Rf1 Qd4 42. Qxa6 Bb6 43. Qa1 Qb4 44. Nxf7 Qd2 45. Kh1 Bxf2 46. Qc1 Qxc1 47.
Rxc1 Be3 48. Rf1 Rb5 49. g3 Kg7 50. Nd6 Rc5 51. Rf7+ Kh6 52. Re7 Rc1+ 53. Kg2
Bd4 54. Re6 Rc2+ 55. Kf1 Kg7 56. h4 Rf2+ 57. Ke1 Rg2 58. Re7+ Kf6 59. Rc7 g5 60.
Ne8+ Ke6 61. Ng7+ Kd6 62. Ne8+ Ke6 63. Ng7+ Kd6 64. Ne8+ Ke6 1/2-1/2

[Event "36th World Junior Girls"]
[Site "Manavgat TUR"]
[Date "2018.09.14"]
[Round "10.16"]
[White "Wafa, Shahenda"]
[Black "Altantuya, Boldbaatar"]
[Result "1/2-1/2"]
[WhiteTitle "WGM"]
[BlackTitle "WFM"]
[WhiteElo "2129"]
[BlackElo "2210"]
[WhiteFideId "10609962"]
[BlackFideId "4902785"]
[EventDate "2018.09.05"]

1. e4 c5 2. Nf3 e6 3. d4 cxd4 4. Nxd4 Nf6 5. Nc3 d6 6. Bg5 h6 7. Bh4 Be7 8. Bg3
a6 9. Be2 Qc7 10. O-O O-O 11. Kh1 b5 12. a3 Bb7 13. Bd3 Nc6 14. Nxc6 Bxc6 15.
Qe2 Qb7 16. f4 d5 17. Rae1 dxe4 18. Nxe4 Nxe4 19. Bxe4 Bxe4 20. Qxe4 Qxe4 21.
Rxe4 Bf6 22. c3 Rfd8 23. Re2 Rd3 24. Kg1 a5 25. f5 exf5 26. Rxf5 b4 27. axb4
axb4 28. cxb4 Bd4+ 29. Kf1 Rb3 30. Bf2 Ra1+ 31. Re1 Rxe1+ 32. Kxe1 Bxb2 33. b5
f6 34. Rd5 Bc3+ 35. Ke2 Rb2+ 36. Kf3 Kf7 37. Rd7+ Ke6 38. Rxg7 Rxb5 39. Be3 Rb3
40. Ke2 Be5 1/2-1/2

[Event "36th World Junior Girls"]
[Site "Manavgat TUR"]
[Date "2018.09.14"]
[Round "10.17"]
[White "Meenal, Gupta"]
[Black "Ghukasyan, Siranush"]
[Result "0-1"]
[BlackTitle "WIM"]
[WhiteElo "1963"]
[BlackElo "2205"]
[WhiteFideId "25070479"]
[BlackFideId "13300946"]
[EventDate "2018.09.05"]

1. e4 e5 2. Nf3 Nc6 3. Bb5 a6 4. Ba4 Nf6 5. O-O Be7 6. Re1 b5 7. Bb3 d6 8. c3
O-O 9. h3 Bb7 10. d4 Re8 11. Nbd2 exd4 12. cxd4 Nd7 13. Nf1 Na5 14. Bc2 Bf6 15.
Ng3 g6 16. Be3 Nc4 17. b3 Nxe3 18. fxe3 c5 19. Qd2 h5 20. Rad1 Nf8 21. Qf2 Qe7
22. e5 dxe5 23. d5 Nd7 24. e4 Red8 25. Nf1 Nb6 26. Ne3 Nc8 27. g4 hxg4 28. Nxg4
Bg7 29. Rf1 Nd6 30. Qxc5 f5 31. Ngh2 Rac8 32. Qf2 fxe4 33. Ne1 Rf8 34. Qe3 Nf5
35. Qxe4 Qc5+ 36. Rf2 Ng3 37. Qg2 Ne2+ 38. Kf1 Nf4 39. Qg4 Nxd5 40. Qe6+ Kh8 0-1

[Event "36th World Junior Girls"]
[Site "Manavgat TUR"]
[Date "2018.09.14"]
[Round "10.18"]
[White "Auvray, Honorine"]
[Black "Kubicka, Anna"]
[Result "1/2-1/2"]
[WhiteTitle "WFM"]
[BlackTitle "WIM"]
[WhiteElo "2050"]
[BlackElo "2204"]
[WhiteFideId "600512"]
[BlackFideId "1152254"]
[EventDate "2018.09.05"]

1. e4 c5 2. Nf3 d6 3. d4 cxd4 4. Nxd4 Nf6 5. Nc3 a6 6. f3 e5 7. Nb3 Be7 8. Be3
Be6 9. Qd2 O-O 10. O-O-O Nbd7 11. g4 b5 12. Rg1 Qc7 13. g5 Nh5 14. Nd5 Bxd5 15.
exd5 f5 16. gxf6 Bxf6 17. Kb1 Nb6 18. Na5 Nf4 19. Nc6 Kh8 20. Bxf4 exf4 21. Rg4
Rfc8 22. Qxf4 Nxd5 23. Rxd5 Qxc6 24. Qf5 Re8 25. Rd1 Re5 26. Qf4 Rae8 27. Bd3
Qc5 28. Qd2 Rh5 29. Re4 Rxe4 30. Bxe4 Qe5 31. Qc3 Qxc3 32. bxc3 Bxc3 33. Rxd6 g6
34. Rc6 b4 35. Rxa6 Rxh2 36. a3 bxa3 37. Rxa3 Rh1+ 38. Ka2 Ra1+ 39. Kb3 Rxa3+
40. Kxa3 Kg7 41. Kb3 Be5 42. Kc4 Kf6 43. Kd3 h5 44. Ke2 h4 45. Kf2 h3 46. Kg1
Bd6 47. Kh1 Kg5 48. c4 Bb8 49. Bd3 Bc7 50. Be4 Kf6 51. Bb7 Kg5 52. Be4 Kh5 53.
Bd3 Bd6 54. Be4 Kh6 55. Bb7 Kg5 56. Be4 Bb8 57. Bd3 Kf6 58. Be4 g5 59. Bb7 Bf4
60. Bc8 h2 61. c5 Ke5 62. c6 Kd4 63. Kg2 Ke3 64. Bg4 Bc7 65. Bh5 Kd4 66. Bg4 Kc5
67. Bd7 Bf4 1/2-1/2

[Event "36th World Junior Girls"]
[Site "Manavgat TUR"]
[Date "2018.09.14"]
[Round "10.22"]
[White "Mahalakshmi, M"]
[Black "Sankova, Stella"]
[Result "1/2-1/2"]
[WhiteTitle "WIM"]
[BlackTitle "WFM"]
[WhiteElo "2213"]
[BlackElo "2081"]
[WhiteFideId "5001080"]
[BlackFideId "14944200"]
[EventDate "2018.09.05"]

1. Nf3 d5 2. d4 Nf6 3. Bf4 c5 4. e3 Nc6 5. c3 Qb6 6. Qc1 Bf5 7. Be2 h6 8. h3 e6
9. Nbd2 cxd4 10. exd4 Be7 11. Ne5 Nxe5 12. Bxe5 O-O 13. O-O Rfc8 14. Re1 Ne4 15.
Nxe4 Bxe4 16. Bg3 a6 17. Qd2 Qc6 18. Bd3 Bxd3 19. Qxd3 b5 20. Bf4 b4 21. Bd2
bxc3 22. bxc3 Rab8 23. Qg3 Bd6 24. Qg4 Kh8 25. Qh5 Kg8 26. Qg4 Kh8 27. Qh5 Kg8
28. Qg4 Kh8 29. Qh5 Kg8 30. Qg4 Kh8 1/2-1/2

[Event "36th World Junior Girls"]
[Site "Manavgat TUR"]
[Date "2018.09.14"]
[Round "10.23"]
[White "Chu, Ruotong"]
[Black "Malatsilava, Volha"]
[Result "1-0"]
[WhiteTitle "WIM"]
[WhiteElo "2199"]
[BlackElo "2040"]
[WhiteFideId "8605653"]
[BlackFideId "13508512"]
[EventDate "2018.09.05"]

1. d4 Nf6 2. c4 d6 3. Nc3 g6 4. e4 Bg7 5. Nf3 O-O 6. Be2 e5 7. dxe5 dxe5 8. Qxd8
Rxd8 9. Bg5 Re8 10. O-O-O h6 11. Bh4 g5 12. Bg3 Nfd7 13. h4 g4 14. Nh2 Nf6 15.
Nd5 Nxd5 16. cxd5 h5 17. f3 f5 18. exf5 gxf3 19. Nxf3 Bxf5 20. Ng5 Na6 21. Bxh5
Rf8 22. Be2 Nc5 23. Bf2 Ne4 24. Nxe4 Bxe4 25. Be3 Bxg2 26. Rhg1 Be4 27. Bh6 Rf7
28. Rg4 Rd8 29. Bxg7 Bf5 30. Rg5 Kh7 31. Rdg1 Rxd5 32. Rh5+ Kg8 33. Rh8# 1-0

[Event "36th World Junior Girls"]
[Site "Manavgat TUR"]
[Date "2018.09.14"]
[Round "10.24"]
[White "Song, Yuxin"]
[Black "Yang, Yijing"]
[Result "1-0"]
[WhiteTitle "WCM"]
[BlackTitle "WCM"]
[WhiteElo "2156"]
[BlackElo "2018"]
[WhiteFideId "8614300"]
[BlackFideId "8608601"]
[EventDate "2018.09.05"]

1. d4 Nf6 2. Nf3 g6 3. c4 Bg7 4. Nc3 d5 5. cxd5 Nxd5 6. e4 Nxc3 7. bxc3 c5 8.
Be3 Qa5 9. Qd2 Nc6 10. Rc1 cxd4 11. cxd4 Qxd2+ 12. Kxd2 O-O 13. Bd3 f5 14. d5
fxe4 15. Bxe4 Rd8 16. Ke2 Nb4 17. Rc7 Nxd5 18. Bxd5+ Rxd5 19. Rd1 Rxd1 20. Kxd1
b6 21. Rxe7 Ba6 22. Ne5 Kf8 23. Nc6 Bb5 24. Rc7 Bxc6 25. Rxc6 Rd8+ 26. Ke2 Rd7
27. g4 Bd4 28. Bh6+ Kf7 29. h4 Re7+ 30. Kf3 b5 31. Bg5 Rd7 32. Ra6 Bb6 33. Be3
Rb7 34. Ke4 Ke6 35. Bc5 Rb8 36. f3 h5 37. g5 Rb7 38. f4 Kf7 39. Bxb6 axb6 40.
Kd5 Rd7+ 41. Kc6 Rd4 42. Kxb5 Rxf4 43. Ra4 Rg4 44. Rc4 Ke7 45. Rc7+ Kf8 46. Rc6
Kf7 47. Rf6+ Kg7 48. Rxb6 Rxh4 49. Rb7+ Kf8 50. a4 Rg4 51. a5 Rxg5+ 52. Kb6 Rg1
53. a6 Ra1 54. a7 h4 55. Kc5 h3 56. Rb8+ Kg7 57. a8=Q Rxa8 58. Rxa8 Kf6 59. Kd4
Kf5 60. Ke3 h2 61. Rh8 1-0

[Event "36th World Junior Girls"]
[Site "Manavgat TUR"]
[Date "2018.09.14"]
[Round "10.25"]
[White "Nass, Sara"]
[Black "Ivana Maria, Furtado"]
[Result "1/2-1/2"]
[BlackTitle "WIM"]
[WhiteElo "1888"]
[BlackElo "2144"]
[WhiteFideId "1516191"]
[BlackFideId "5048400"]
[EventDate "2018.09.05"]

1. e4 e6 2. d4 b6 3. c4 Bb7 4. Nc3 d6 5. Nf3 Nd7 6. Bd3 g6 7. O-O Bg7 8. Be3 Ne7
9. Qd2 h6 10. Rfe1 g5 11. h3 Ng6 12. Rad1 O-O 13. d5 e5 14. Ne2 Nf4 15. Ng3 Bc8
16. b4 Nf6 17. c5 N6h5 18. Nxh5 Nxh5 19. cxd6 cxd6 20. Rc1 Nf4 21. Nh2 f5 22. f3
Nxd3 23. Qxd3 f4 24. Bf2 Bd7 25. Rc3 Rc8 26. Rec1 Rxc3 27. Qxc3 Qe7 28. Qd3 Rc8
29. Rxc8+ Bxc8 30. Qc4 Qb7 31. Nf1 Bd7 1/2-1/2

[Event "36th World Junior Girls"]
[Site "Manavgat TUR"]
[Date "2018.09.14"]
[Round "10.26"]
[White "Hu, Yu A."]
[Black "Urh, Zala"]
[Result "1/2-1/2"]
[BlackTitle "WFM"]
[WhiteElo "2009"]
[BlackElo "2128"]
[WhiteFideId "8609993"]
[BlackFideId "14611481"]
[EventDate "2018.09.05"]

1. e4 e5 2. Nf3 Nc6 3. Bb5 Nf6 4. d3 Bc5 5. c3 O-O 6. O-O Re8 7. d4 Bf8 8. Re1
exd4 9. e5 Nd5 10. cxd4 d6 11. Bg5 Be7 12. Bxe7 Rxe7 13. Nc3 Nxc3 14. bxc3 Bg4
15. Qd3 a6 16. Bxc6 bxc6 17. Ng5 g6 18. Ne4 Bf5 19. Nf6+ Kg7 20. Qc4 c5 21. f4
cxd4 22. cxd4 dxe5 23. fxe5 Rb8 24. d5 Rb2 25. Qd4 Qb8 26. d6 cxd6 27. exd6 Qa7
28. Qxa7 Rxa7 29. Re7 Ra8 30. Ne8+ Kf8 31. Nf6 Rd8 32. Nxh7+ Kg8 33. Nf6+ Kg7
34. Ne8+ Kf8 35. Rae1 Rxa2 36. h3 Rd2 37. g4 Be6 38. Nc7 R2xd6 39. R7xe6 fxe6
40. Nxe6+ Kf7 41. Nxd8+ Rxd8 42. Kf2 a5 43. h4 Rd4 44. Re5 Rxg4 45. Rxa5 Rxh4
46. Kg3 Rb4 47. Ra6 Kg7 48. Rc6 Kh6 49. Rc5 Rb8 50. Ra5 g5 51. Ra6+ Kh5 52. Ra3
Rb4 53. Rc3 Rg4+ 54. Kh3 Ra4 55. Kg3 Ra8 56. Rb3 Ra6 57. Rc3 Kg6 58. Kg4 Ra4+ 1/2-1/2

[Event "36th World Junior Girls"]
[Site "Manavgat TUR"]
[Date "2018.09.14"]
[Round "10.28"]
[White "Cramling Bellon, Anna"]
[Black "Doroy, Allaney Jia G"]
[Result "1-0"]
[WhiteTitle "WFM"]
[BlackTitle "WFM"]
[WhiteElo "2009"]
[BlackElo "1914"]
[WhiteFideId "32009232"]
[BlackFideId "5216729"]
[EventDate "2018.09.05"]

1. d4 g6 2. c4 Bg7 3. e4 c5 4. d5 d6 5. Nc3 Nf6 6. h3 h6 7. Be3 O-O 8. Bd3 Na6
9. Nf3 e6 10. O-O exd5 11. exd5 Nc7 12. Qd2 Kh7 13. Rab1 b6 14. Rfe1 Bb7 15. b4
cxb4 16. Rxb4 Na6 17. Rbb1 Qd7 18. Qc2 Rac8 19. Qb3 Nc5 20. Bxc5 Rxc5 21. a4 Nh5
22. Ne4 Rc7 23. Qa3 Rd8 24. a5 bxa5 25. Qxa5 Nf4 26. Bf1 f5 27. Ned2 Qf7 28.
Rxb7 Nxd5 29. cxd5 Rdc8 30. Rxc7 Rxc7 31. Bc4 g5 32. Qa3 Bf8 33. Qd3 Kg8 34. Nd4
f4 35. Re6 1-0